[Event "GER-ch63 V01 email"]
[Site "GER email"]
[Date "2011.??.??"]
[Round "?"]
[White "Gierth, Karlheinz"]
[Black "Nyberg, Wilfried"]
[Result "0-1"]
[WhiteElo "1971"]
[BlackElo "2351"]
[PlyCount "93"]
[EventDate "2011.02.21"]
[EventType "tourn (corr)"]
[EventRounds "6"]
[EventCountry "GER"]
[SourceTitle "Corr 2015"]
[Source "ChessBase"]
[SourceDate "2015.07.17"]
[SourceVersion "1"]
[SourceVersionDate "2015.07.17"]
[SourceQuality "1"]

1. c4 e6 2. g3 f5 3. d4 Nf6 4. Bg2 Be7 5. Nc3 0-0 6. Nf3 Ne4 7. Qc2 d5 8. 0-0 c6 9. Ne5 Nd7 10. Nxe4 fxe4 11. Bf4 Bf6 12. Rfd1 Nxe5 13. dxe5 Bg5 14. e3 Qe7 15. Rac1 Bxf4 16. exf4 g5 17. fxg5 Qxg5 18. Qc3 Rf7 19. b4 a6 20. a4 Bd7 21. Rf1 Raf8 22. Rcd1 h5 23. Rde1 h4 24. Re3 Rg7 25. Qd4 Be8 26. b5 axb5 27. axb5 Bh5 28. Bh3 Bg4 29. Bxg4 Qxg4 30. cxd5 cxd5 31. Rc1 Qf5 32. Rec3 hxg3 33. hxg3 Rgf7 34. R1c2 Kg7 35. Rc7 Rxc7 36. Rxc7+ Kg6 37. Qb6 Ra8 38. Qe3 Qxe5 39. Qf4 Qxf4 40. gxf4 b6 41. Kg2 d4 42. Rd7 Ra4 43. Rd6 Kf6 44. Rxb6 d3 45. Ra6 Rb4 46. b6 Rb1 47. b7 0-1

[Event "GER-ch35 final email"]
[Site "GER email"]
[Date "2006.??.??"]
[Round "?"]
[White "Bellmann, HerbertS M"]
[Black "Nyberg, Wilfried"]
[Result "0-1"]
[WhiteElo "2293"]
[BlackElo "2267"]
[PlyCount "67"]
[EventDate "2006.??.??"]
[EventType "tourn (corr)"]
[EventRounds "15"]
[EventCountry "GER"]
[SourceTitle "Corr 2020"]
[Source "ChessBase"]
[SourceDate "2019.09.30"]
[SourceVersion "1"]
[SourceVersionDate "2019.09.30"]
[SourceQuality "1"]

1. d4 d5 2. c4 c6 3. Nf3 Nf6 4. Nc3 dxc4 5. a4 Bf5 6. Nh4 Bd7 7. e3 b5 8. Nf3 e6 9. Ne5 a6 10. Be2 Ra7 11. Bh5 Nxh5 12. Qxh5 g6 13. Qd1 Rc7 14. b3 b4 15. Ne2 c3 16. e4 Bg7 17. Bf4 c5 18. 0-0 Nc6 19. Nxc6 Rxc6 20. dxc5 e5 21. Be3 0-0 22. Qc2 a5 23. Rad1 Qc7 24. Nc1 Be6 25. f3 f5 26. Rfe1 fxe4 27. fxe4 Rxc5 28. Nd3 Rc6 29. Rf1 Rxf1+ 30. Rxf1 Qe7 31. Kh1 Bf7 32. h3 g5 33. Kg1 h5 34. Nc1 0-1